Former Commonwealth Member States - Statistics

General Stats
  • This quiz has been taken 8 times
  • The average score is 4 of 6
Answer Stats
Hint Answer % Correct
1926 - 1949 Ireland
100%
1980 - 2003 Zimbabwe
100%
1926 - 1949 Newfoundland
43%
1961 - 1964 Tanganyika
43%
1963 - 1964 Zanzibar
43%
1957 - 1963 Malaya
29%
No matching quizzes found
Score Distribution
Percent of People with Each Score
Percentile by Number Answered
Your Score History
You have not taken this quiz